| 000 | 00480nam a2200169 i 4500 | ||
|---|---|---|---|
| 001 | 32184 | ||
| 003 | ES-MaACL | ||
| 005 | 20230906154527.0 | ||
| 007 | t| | ||
| 008 | 030130s1965 sp ||||1| spa d | ||
| 080 | _a821.134.2-14"19" | ||
| 100 | 1 |
_aBenítez de Castro, Miguel. _927626 |
|
| 245 | 1 | 3 |
_aEl valle de las musas _b: (poesías) / _cMiguel Benítez de Castro. |
| 260 |
_a[Sevilla : _bEd. Católica], _c1965] |
||
| 300 |
_a104 p. ; _c20 cm. |
||
| 852 |
_aES-MaACL _jC-28509 |
||
| 999 |
_c32184 _d32184 |
||